[Event "LSS OP-2009-0-00976"]
[Site "LSS email"]
[Date "2009.10.23"]
[Round "?"]
[White "Antunez Romero, Jose"]
[Black "Jokmin, Guido"]
[Result "0-1"]
[WhiteElo "800"]
[BlackElo "713"]
[PlyCount "44"]
[EventDate "2009.10.18"]
[EventType "tourn (corr)"]
[EventRounds "4"]
[EventCountry "GER"]
[SourceTitle "Telechess CBM 137"]
[Source "ChessBase"]
[SourceDate "2010.07.15"]
[SourceVersion "1"]
[SourceVersionDate "2010.07.15"]
[SourceQuality "1"]

1. e4 e5 2. Nf3 Nf6 3. Bc4 c6 4. Nxe5 d5 5. exd5 Bd6 6. d4 0-0 7. 0-0 b5 8. Bb3 c5 9. c4 cxd4 10. Qxd4 Re8 11. Nc6 Nxc6 12. dxc6 Bxh2+ 13. Kxh2 Ng4+ 14. Kg1 Qxd4 15. Be3 Qe5 16. g3 Nxe3 17. Re1 Qxb2 18. Na3 Qxa3 19. cxb5 Qc5 20. Rac1 Qd4 21. Rcd1 Qc5 22. fxe3 Rxe3 0-1

[Event "IECG CP.2009.P.00006 email"]
[Site "IECG email"]
[Date "2009.10.01"]
[Round "?"]
[White "Pfau, Matthias"]
[Black "Antunez Romero, Jose"]
[Result "1-0"]
[WhiteElo "2167"]
[BlackElo "800"]
[PlyCount "61"]
[EventDate "2009.10.01"]
[EventType "tourn (corr)"]
[EventRounds "6"]
[EventCountry "ARG"]
[SourceTitle "Corr 2024"]
[Source "ChessBase"]
[SourceDate "2023.10.19"]
[SourceVersion "1"]
[SourceVersionDate "2023.10.19"]
[SourceQuality "1"]

1. e4 e5 2. Nf3 Nc6 3. Bc4 Nf6 4. Ng5 d5 5. exd5 Nxd5 6. d4 exd4 7. 0-0 h6 8. Nxf7 Kxf7 9. Qf3+ Qf6 10. Bxd5+ Be6 11. Bxe6+ Kxe6 12. Re1+ Kd7 13. Qh3+ Kd8 14. Nd2 Be7 15. Ne4 Qe5 16. Bd2 Qb5 17. c4 Qxb2 18. Ng5 Ke8 19. Qh5+ Kd7 20. Qg4+ Ke8 21. Ne6 g5 22. Rab1 Qxd2 23. Nxc7+ Kd8 24. Ne6+ Ke8 25. Qh5+ Kd7 26. Rxb7+ Kc8 27. Rc7+ Kb8 28. Rb1+ Bb4 29. Qf7 Nd8 30. Rc8+ Kxc8 31. Qc7# 1-0

[Event "IECG CP.2007.P.00075 email"]
[Site "IECG email"]
[Date "2007.10.01"]
[Round "?"]
[White "Antunez Romero, Jose"]
[Black "Salvati, Diego Javier"]
[Result "0-1"]
[WhiteElo "800"]
[BlackElo "1945"]
[PlyCount "34"]
[EventDate "2007.10.01"]
[EventType "tourn (corr)"]
[EventRounds "6"]
[SourceTitle "Corr 2011"]
[Source "ChessBase"]
[SourceDate "2010.08.31"]
[SourceVersion "1"]
[SourceVersionDate "2010.08.31"]
[SourceQuality "1"]

1. e4 e5 2. Nf3 Nf6 3. Nc3 Bb4 4. Nxe5 0-0 5. Bc4 Bxc3 6. dxc3 Qe7 7. Bf4 d6 8. Bxf7+ Rxf7 9. Nxf7 Qxe4+ 10. Be3 Qxg2 11. Ke2 Bg4+ 12. Kd2 Ne4+ 13. Kd3 Bxd1 14. Rhxd1 Kxf7 15. h4 Nc6 16. Bd4 Ne5+ 17. Ke3 Qf3# 0-1

[Event "IECG CP.2007.P.00075 email"]
[Site "IECG email"]
[Date "2007.10.01"]
[Round "?"]
[White "Tellore, Shyam Sundar"]
[Black "Antunez Romero, Jose"]
[Result "1-0"]
[WhiteElo "1400"]
[BlackElo "800"]
[PlyCount "71"]
[EventDate "2007.10.01"]
[EventType "tourn (corr)"]
[EventRounds "6"]
[SourceTitle "Corr 2011"]
[Source "ChessBase"]
[SourceDate "2010.08.31"]
[SourceVersion "1"]
[SourceVersionDate "2010.08.31"]
[SourceQuality "1"]

1. e4 e5 2. Bc4 Nf6 3. d3 d5 4. exd5 Nxd5 5. Nf3 Bg4 6. Bd2 Bb4 7. Qe2 Nc6 8. 0-0 0-0 9. Nc3 Nxc3 10. Bxc3 Bxc3 11. bxc3 Qf6 12. Bd5 e4 13. Qxe4 Bxf3 14. Qxf3 Qxf3 15. Bxf3 Ne5 16. Bxb7 Rad8 17. h3 c5 18. f4 Rb8 19. Rab1 c4 20. fxe5 cxd3 21. cxd3 g6 22. d4 Kg7 23. c4 f5 24. d5 Kf7 25. g4 Rg8 26. d6 Ke6 27. Bd5+ Kxe5 28. Bxg8 Rxg8 29. d7 Rd8 30. Rfd1 f4 31. c5 Ke6 32. c6 f3 33. c7 Rxd7 34. c8Q g5 35. Qxd7+ Ke5 36. Qf5# 1-0